[Event "CHN-chT"]
[Site "China"]
[Date "2014.12.09"]
[Round "22.1"]
[White "Wang, Hao"]
[Black "Lou, Yiping"]
[Result "1-0"]
[WhiteElo "2734"]
[BlackElo "2492"]
[PlyCount "87"]
[EventDate "2014.04.12"]
[EventType "team-tourn"]
[EventRounds "22"]
[EventCountry "CHN"]
[SourceTitle "EXT 2016"]
[Source "ChessBase"]
[SourceDate "2015.10.08"]
[SourceVersion "1"]
[SourceVersionDate "2015.10.08"]
[SourceQuality "1"]
[WhiteTeam "Beijing"]
[BlackTeam "Shanghai"]
[WhiteTeamCountry "CHN"]
[BlackTeamCountry "CHN"]

1. Nf3 Nf6 2. c4 c5 3. Nc3 Nc6 4. e3 e6 5. d4 d5 6. a3 cxd4 7. exd4 Ne4 8. Qc2
Nxc3 9. bxc3 Be7 10. Bd3 dxc4 11. Bxc4 O-O 12. Bd3 h6 13. O-O b6 14. Qe2 Qc7
15. Re1 Bd6 16. c4 Re8 17. Bb2 Bd7 18. Qe4 f5 19. Qe2 Ne7 20. Rac1 Ng6 21. g3
Bc6 22. c5 Bf8 23. Bc4 Qf7 24. h4 Bd5 25. h5 Ne7 26. Ne5 Qf6 27. Nd7 Qf7 28.
Qxe6 Bxe6 29. Bxe6 Nd5 30. Bxf7+ Kxf7 31. Re5 Rxe5 32. dxe5 Rc8 33. e6+ Ke7 34.
Rd1 Kxe6 35. cxb6 Nxb6 36. Nxf8+ Rxf8 37. Bxg7 Rg8 38. Bxh6 Rh8 39. Rc1 Kd5 40.
Bf4 Rxh5 41. Rc7 Ke4 42. Rxa7 Nd5 43. Ra4+ Kd3 44. Be5 1-0

[Event "FIDE World Cup"]
[Site "Baku"]
[Date "2015.09.22"]
[Round "4.5"]
[White "Wei, Yi"]
[Black "Ding, Liren"]
[Result "1/2-1/2"]
[WhiteElo "2734"]
[BlackElo "2782"]
[Annotator "CB"]
[PlyCount "62"]
[EventDate "2015.09.11"]
[EventType "k.o."]
[EventRounds "7"]
[EventCountry "AZE"]
[SourceTitle "CBM 169"]
[Source "ChessBase"]
[SourceDate "2015.11.10"]
[SourceVersion "1"]
[SourceVersionDate "2015.11.10"]
[SourceQuality "1"]

1. e4 e5 2. Bc4 Nf6 3. d3 c6 4. Nf3 d5 5. Bb3 Bb4+ 6. Bd2 Bxd2+ 7. Qxd2 dxe4 8.
Nxe5 O-O 9. dxe4 Qe7 10. Qf4 Nh5 11. Bxf7+ Kh8 12. Qg3 $3 Rxf7 ({The point is
that after} 12... Nxg3 $2 13. Ng6+ $1 hxg6 14. hxg3+ {Black gets mated!}) 13.
Nxf7+ Qxf7 {Instead of being dead lost, the ball is in White's camp with rook
and two pawns for the two pieces and the better center. That said, Ding Liren
was not about to tuck his tail between his legs, and fought back hard and drew
the game.} 14. Qd6 Be6 15. Nc3 Nd7 16. O-O-O Re8 17. Rhf1 Bc4 18. Rfe1 Ne5 19.
b3 Ba6 20. Kb1 h6 21. f3 Nf4 22. Rd2 Kh7 23. Red1 Re6 24. Qb8 Qf6 25. Na4 Be2
26. Rc1 b6 27. Nc3 Ba6 28. Rcd1 Nc4 29. bxc4 Qxc3 30. Qxf4 Qb4+ 31. Ka1 Qc3+
1/2-1/2

[Event "Tata Steel-A 77th"]
[Site "Wijk aan Zee"]
[Date "2015.01.13"]
[Round "4"]
[White "Radjabov, Teimour"]
[Black "Ding, Liren"]
[Result "0-1"]
[WhiteElo "2734"]
[BlackElo "2732"]
[Annotator "Ding,Liren"]
[PlyCount "80"]
[EventDate "2015.01.10"]
[EventType "tourn"]
[EventRounds "13"]
[EventCountry "NED"]
[EventCategory "20"]
[SourceTitle "CBM 165"]
[Source "ChessBase"]
[SourceDate "2015.03.11"]
[SourceVersion "1"]
[SourceVersionDate "2015.03.11"]
[SourceQuality "1"]

1. d4 Nf6 2. c4 g6 3. Nc3 Bg7 4. e4 d6 5. Nf3 O-O {Here comes the King's
Indian Defence, which I started to play with the black pieces since I was a
child. My opponent, Teimour Radjabov, is a prominent expert in this opening
and comes up with important ideas from time to time. I had studied his games
carefully to improve my understanding of the KID.} 6. h3 e5 7. d5 {I have had
this position with both sides and come to the conclusion that maybe the plan
of 7...Nh5 followed by ...f5 suited the spirit of the position most.} Nh5 {
Another popular move is 7...a5, with the idea of ...Na6-c5 or Nfd7-c5:} 8. g3
f5 {Many player prefers 8...Qe8, to control the e6-square first.} (8... Qe8 9.
Be2 f5 10. exf5 gxf5 11. Nh4 (11. Ng5 Nf6) 11... Nf6 {unclear.}) 9. exf5 gxf5
10. Ng5 Qe8 {An important move in my opinion, introduced by Maxim Rodshtein.}
11. Be2 (11. c5 Nf6) (11. g4 Nf4 {is the point behind 10...Qe8.}) 11... Nf6 12.
Be3 (12. g4 {is not as annoying as in the previous line.} h6 13. Ne6 Bxe6 14.
dxe6 Qxe6 15. gxf5 Qxf5 16. Rg1 Kh8 {prepares ...Nc6-d4, Black is out of
danger.  Now (in the game) he will play 13.Nf3 in the event of 12...h6; the
position looks a little bit quiet.}) 12... Na6 13. Qd2 Bd7 {An inaccuracy. I
was calculating the variation after 13...h6 or 13...Nc5, but I couldn't make
either of them work, so in the end I just played a useful waiting move.} ({
I should have played} 13... Nc5 14. b4 (14. O-O-O h6 15. Nf3 (15. Bxc5 hxg5 ({
Or} 15... dxc5 16. Nf3 e4 17. Nh4 Qf7) 16. Ba3 Qg6 17. Kb1 b6 {Black is fine.})
15... Nce4 16. Nxe4 Nxe4 17. Qc2 {Compared to the game, I can act on the
queenside immediately} c6 $1 {with an extremely complicated position, for
example} 18. dxc6 (18. g4 cxd5 19. Rxd5 Be6) 18... bxc6 19. g4 d5 20. gxf5 Bxf5
21. Nh4 Bh7 22. Rhg1 Ng5 23. Qd2 Ne4 {This might be a repetition.}) 14... Na4
15. Nb5 (15. Nxa4 Qxa4 16. O-O (16. b5 a6) 16... Qe8 $1) 15... Qe7 $1 {I had
missed this simple and strong move. Or should I say I don't want to leave my
knight on a4, but he can't find a safe place for his king either.}) (13... h6
$6 14. Nf3 Nc5 (14... Kh7 15. Nh4) 15. Bxh6 Nfe4 16. Nxe4 Nxe4 17. Qc1 $1 {
White is a healthy pawn up.} ({Of course not} 17. Qe3 f4 18. Qxe4 Bf5)) 14.
O-O-O h6 ({I played 14...h6 first because I wanted to avoid the possibility
after} 14... Nc5 {of} 15. g4 h6 16. Ne6 $5) 15. Nf3 ({Now} 15. Ne6 {doesn't
work} Bxe6 16. dxe6 Qxe6 17. Bxh6 Ne4) 15... Nc5 16. Nh4 {Now he's threatening
17.g4.} ({Here I was afraid of the variation starting with} 16. g4 Nce4 17.
Nxe4 Nxe4 18. Qc2 Nxf2 19. Bxf2 fxg4 20. hxg4 e4 21. g5 {and now} h5 $1 {
is the very important detail. It seems Black can hold his own.} (21... exf3 22.
Bd3) 22. Rde1 Bg4 (22... Qf7 {is also possible, but harder to find over the
board} 23. Qxe4 Rae8 24. Qd3 Qf4+ 25. Qd2 Bxb2+ $1 26. Kc2 Qxd2+ 27. Kxd2 Bg4
$11) 23. Bd4 Bxf3 24. Bxf3 Rxf3 25. Bxg7 Kxg7 26. Rxe4 Qf7 27. Qe2 (27. Rhe1
Rf1 28. Qc3+ Kg8) 27... Rf2 28. Qxh5 Qxh5 29. Rxh5 Raf8 {with approximately
equality.}) (16. Bxc5 dxc5 {didn't cross my mind.}) 16... Nce4 17. Nxe4 Nxe4
18. Qc2 Ng5 {The only move, but a prefectly acceptable one.} (18... Qd8 {
fails to} 19. Bd3) (18... Nc5 19. g4) 19. Bd3 {A very interesting idea. He
wanted to provoke ...e4 and fix my pawn structure.} (19. Kb1 {is a little bit
slow.} Ba4 $1 20. b3 Bd7 21. Bd3 Qf7 {Black can attack through the long
diagonal.}) 19... e4 (19... Qf7 {is stronger.} 20. f4 exf4 21. gxf4 Rae8 22.
Rde1 (22. fxg5 Rxe3 23. gxh6 Bxh6 24. Kb1 Qf6 25. Rhg1+ Bg7 $1) 22... Ne4 23.
Rhg1 Kh7 {with energetic play Black keeps the balance.}) 20. Be2 {Now I can
conclude that the position is slightly better for White.} Rc8 (20... Ba4 21. b3
Bd7 22. Ng2 a5 23. a4 $1) (20... a5 21. Ng2 a4 22. Nf4 (22. a3 b5 23. c5 b4)
22... a3 23. b3) (20... b5 21. c5) (20... Rb8 {is another way to support the ..
.c5 idea.} 21. Kb1 c5 22. dxc6 bxc6 23. Bd4 Bxd4 24. Rxd4 Rf6 25. Rhd1 $14) 21.
Kb1 c5 22. dxc6 Rxc6 {He has many choices here.} 23. Qd2 (23. Qb3 Kh7 24. Qxb7
Ne6) (23. c5 {deserves attention:} dxc5 24. Bb5 Rc7 (24... Ne6 $5) 25. Rxd7
Rxd7 26. Bxc5 Rff7 27. Bxa7 Qe5 28. Bxd7 Rxd7 29. Ng6 Qb5 {White is a pawn up,
but Black can get typical KID-like counterplay.}) (23. Bd4 Qf7 24. Bxg7 Qxg7)
23... Be6 (23... Qf7 $5) 24. Bxg5 (24. Bd4 {is a safer way to play} Qf7 (24...
Bxc4 25. Bxg7 Kxg7 (25... Bxe2 26. Bxh6) 26. Qd4+) 25. Bxg7 Kxg7 (25... Qxg7
26. Ng2 Bxc4 27. Bxc4+ Rxc4 28. Ne3 Rc6 29. Qd5+ Qf7 30. Nxf5 Qxd5 31. Rxd5)
26. Qd4+ Kh7 27. b3 {White has a solid advantage.} f4 28. Bg4 $1) 24... hxg5
25. Qxg5 {I thought I must have enough compensation for the pawn, but I can't
find the best move.} Ra6 (25... b5 $1 26. Bh5 (26. cxb5 Ra6 $3 27. a3 (27. bxa6
Qa4) 27... Rxa3 $1 28. bxa3 Ba2+ $1 29. Kc2 Qc8+ {I think I must win the best
game prize (if there is one) if I can get this position over the board.}) 26...
Qb8 $1 27. Ng6 (27. c5) 27... bxc4 28. Ne7+ Kh8 29. Rd2 Rb6 30. Ng6+ Kh7 (30...
Kg8) 31. Nxf8+ Kg8 32. Qxg7+ Kxg7 33. Nxe6+ Kh6 34. Rc1 Kxh5 35. Rxc4 {is
probably equal, but Black has the easier play.}) (25... Rb6 26. Rd2) (25...
Rxc4 {leads to a draw almost by force.} 26. Bxc4 Bxc4 27. Nxf5 Rxf5 28. Qxf5
Qa4 29. a3 Qb3 30. Qc8+ Kh7 31. Qf5+ Kg8) 26. Rd2 ({If} 26. b3 {then} b5 {
will be more powerful} 27. cxb5 $2 Bxb3) 26... b5 {A mistake. During the game
I was hesitating between 26...b5 and 26...Qa4.} (26... Qa4 27. b3 {Now Black
can choose between giving perpetual or playing on} (27. a3 {is bad in view of}
Qb3 28. Ng6 (28. Qe3 Rxa3) 28... Rf6 $1 {This's what I missed} 29. Ne7+ (29.
Nf4 Bf7 (29... Rxa3 30. Nh5)) 29... Kf8 (29... Kh8 $5) 30. Nd5 (30. Ng6+ Rxg6
31. Qxg6 Rxa3 32. Qxe6 Qa2+) 30... Bxd5 31. Rxd5 Rxa3 32. Rxf5 Rxf5 33. Qxf5+
Ke7 34. Qxe4+ Be5 35. Qh7+ Kd8 36. Qg8+ Kc7 37. Qf7+ Kb6 38. c5+ dxc5 39. Qxb3+
Rxb3 40. f4 Bd4 {Black has good winning chances.}) 27... Rb6 (27... Qa5 28. Rc1
) (27... Qxb3+ 28. axb3 Ra1+ 29. Kc2 Ra2+ $11) 28. Qe3 Qa5 29. Rc1) 27. Rc1 {
I had only considered this, but missed a strong continuation.} (27. g4 $1 $16
Qd8 (27... fxg4 28. hxg4 bxc4 29. Nf5 Bxf5 30. gxf5 Qa4 31. a3) (27... e3 28.
fxe3 (28. Qxe3 f4) 28... bxc4 29. Rg1 $1 (29. gxf5 Bxf5+) 29... c3 30. Nxf5
Bxa2+ 31. Kc1 cxd2+ 32. Kxd2 Qe5 33. Bxa6 Qxb2+ 34. Ke1) (27... Bxc4 28. Bxc4+
bxc4 29. Nxf5) 28. Qxd8 Rxd8 29. Nxf5 bxc4 30. Nxg7 Kxg7 31. Rc1 Rc8 32. Rc3 d5
33. f3 {Maybe the best I can get is such an endgame with a pawn down.}) 27...
Qf7 {I offered a draw here because I can't figure out what's going on and I
wanted to enjoy the rest day in a good mood.} 28. Ng6 (28. b3 {is very natural,
but can't yield White any advantage.} bxc4 29. Bxc4 Bxc4 30. Rxc4 Kh7 $1 31.
Ng2 d5 32. Rcd4 Bxd4 33. Rxd4 Rd6 34. h4 $5 {with a complex battle ahead.}) ({
Now} 28. g4 {is less effective} fxg4 29. hxg4 Qf6 $1 $11) ({This computer line
shows how difficult it is to handle the position:} 28. Qg6 Rc6 29. Rdc2 f4 30.
Qxe4 d5) 28... Bf6 {I wanted to drive his queen away from g5 and avoided the
possibility of ...Ne7.} 29. Qh6 {Surprisingly, this is the decisive mistake.
He should manage to exchange queens by means of 29.Qh5:} (29. Qh5 bxc4 (29...
Rb8 30. Nf4) 30. Nxf8 (30. Rxc4 $5) 30... Qxh5 31. Bxh5 Kxf8 {Although Black
has a strong pawn centre and can't be worse.}) (29. Ne7+ {is bad in view of}
Kh7) 29... Rb8 {Now all my pieces are well-placed.} 30. Nf4 Bxc4 31. Rxc4 (31.
Bxc4 {also loses:} bxc4 32. Nd5 Bxb2 33. Rxb2 Rxb2+ 34. Kxb2 Qxd5 35. Qg6+ Kf8
36. Qf6+ Ke8) 31... bxc4 32. Nd5 Bg7 {The only move, but good enough.} ({
Of course not} 32... Bxb2 33. Ne7+ Qxe7 34. Bxc4+) 33. Qg5 c3 {The only
winning move, but not very hard to find.} 34. Bc4 {The best practical choice.}
(34. Nxc3 Rc6 35. Nd5 Qxd5 $1 36. Qxg7+ Kxg7 37. Rxd5 Rbc8 {White is left with
no hope.}) 34... cxd2 ({I thought} 34... Kf8 {might be simpler but turned it
down because of} 35. Rc2 Rc6 36. Bb3 {I had missed a clever move 35...Ra5!})
35. Nf6+ Kf8 36. Nh7+ Ke8 37. Bxf7+ Kxf7 38. Qxf5+ Kg8 39. Kc2 {A blunder,
maybe he overlooked my 40th move.} (39. Qd5+ {is critical} Kxh7 (39... Kh8 40.
Kc2) 40. Qxe4+ {I calculated until here, thought that I definitely could hide
my king somewhere, but it's not an easy task.} Kh8 41. Qh4+ Kg8 42. Qc4+ Kf8
43. Qf4+ Ke7 44. Qe4+ Be5 45. Qh7+ Ke6 46. Qg6+ Bf6 {It's important to put the
bishop on f6.} 47. Qe4+ Kf7 48. Qh7+ Kf8 49. Qh6+ Kg8 $1 50. Qg6+ Bg7 51. Qe6+
Kh8 {and White has run out of checks} 52. Kc2 Rxa2 $19) 39... Rxb2+ 40. Kd1
Rb1+ {He couldn't avoid losing the queen so he resigned.} 0-1

[Event "RUS-chT rapid"]
[Site "Sochi"]
[Date "2017.10.04"]
[Round "6.1"]
[White "Fedoseev, Vladimir1"]
[Black "Mamedyarov, Shakhriyar"]
[Result "1-0"]
[WhiteElo "2733"]
[BlackElo "2791"]
[PlyCount "112"]
[EventDate "2017.10.03"]
[EventType "team-swiss (rapid)"]
[EventRounds "9"]
[EventCountry "RUS"]
[SourceTitle "EXT 2018"]
[Source "ChessBase"]
[SourceDate "2017.10.13"]
[SourceVersion "1"]
[SourceVersionDate "2017.10.13"]
[SourceQuality "1"]
[WhiteTeam "Samara Bukavshin"]
[BlackTeam "Urals Sima Land"]
[WhiteTeamCountry "RUS"]
[BlackTeamCountry "RUS"]

1. e4 e5 2. Nf3 Nc6 3. Bc4 Bc5 4. Nc3 Nf6 5. d3 h6 6. O-O a6 7. Nd5 d6 8. c3
O-O 9. Be3 Bxe3 10. fxe3 Na5 11. Nxf6+ Qxf6 12. Bd5 c6 13. Bxf7+ Qxf7 14. b4
Nc4 15. dxc4 Qxc4 16. Qxd6 Qxc3 17. Kh1 Bh3 18. Nxe5 Qxe3 19. Qg6 Qe2 20. Rfe1
Qb2 21. Nd3 Qc3 22. Qg3 Rad8 23. Rad1 Bg4 24. Qxg4 Rxd3 25. e5 Rxd1 26. Qxd1
Qxb4 27. e6 Qe7 28. h3 c5 29. Qd7 Re8 30. Rc1 Qxd7 31. exd7 Rd8 32. Rxc5 Rxd7
33. a4 Kf7 34. Kh2 Ke6 35. a5 Kd6 36. Rc1 Re7 37. Rb1 Kc7 38. Rc1+ Kb8 39. Kg3
Re5 40. Ra1 Kc7 41. Kf4 Rc5 42. h4 h5 43. g4 g6 44. g5 Kc6 45. Re1 Kd6 46. Re8
Rc4+ 47. Kg3 Rc3+ 48. Kg2 Rc2+ 49. Kg3 Rc3+ 50. Kg2 Rc6 51. Rb8 Kc7 52. Rf8 b6
53. Rf7+ Kd6 54. axb6 Rxb6 55. Kf3 a5 56. Ra7 Rb3+ 1-0

[Event "RUS-ch Higher League 64th"]
[Site "Taganrog"]
[Date "2011.06.16"]
[Round "2"]
[White "Vitiugov, Nikita"]
[Black "Chadaev, Nikolay"]
[Result "1-0"]
[WhiteElo "2733"]
[BlackElo "2577"]
[PlyCount "61"]
[EventDate "2011.06.15"]
[EventType "swiss"]
[EventRounds "11"]
[EventCountry "RUS"]
[SourceTitle "CBM 143"]
[Source "ChessBase"]
[SourceDate "2011.07.15"]
[SourceVersion "1"]
[SourceVersionDate "2011.07.15"]
[SourceQuality "1"]

1. d4 d5 2. c4 c6 3. Nf3 Nf6 4. Nc3 dxc4 5. a4 e6 6. e4 Bb4 7. Bg5 Qa5 8. Bd2
c5 9. Bxc4 cxd4 10. Nxd4 O-O 11. Qe2 Nbd7 12. O-O Ne5 13. Ba2 Rd8 14. Nc2 Nc6
15. Nxb4 Qxb4 16. Nd5 Qxb2 17. Rfb1 Qe5 18. Bc3 Qg5 19. Nxf6+ gxf6 20. Rb3 e5
21. Bb2 Bg4 22. Qf1 Kh8 23. Rxb7 Rab8 24. f4 exf4 25. Qb5 Qxb5 26. Bxf6+ Kg8
27. axb5 Nb4 28. Bxf7+ Kf8 29. Rbxa7 Rd7 30. Bc4 Rc8 31. Ra8 1-0

[Event "Gibraltar Masters 13th"]
[Site "Caleta"]
[Date "2015.02.04"]
[Round "9"]
[White "Jakovenko, Dmitrij"]
[Black "Bok, Benjamin"]
[Result "1/2-1/2"]
[WhiteElo "2733"]
[BlackElo "2572"]
[PlyCount "63"]
[EventDate "2015.01.27"]
[EventType "swiss"]
[EventRounds "10"]
[EventCountry "ENG"]
[SourceTitle "CBM 165"]
[Source "ChessBase"]
[SourceDate "2015.03.11"]
[SourceVersion "1"]
[SourceVersionDate "2015.03.11"]
[SourceQuality "1"]

1. e4 e5 2. Nf3 Nc6 3. Bc4 Bc5 4. c3 Nf6 5. d3 O-O 6. O-O d6 7. Bg5 a6 8. a4 h6
9. Bh4 g5 10. Bg3 g4 11. Nh4 Nh5 12. Na3 Qg5 13. Nc2 Ba7 14. d4 Bd7 15. Qd3
Rae8 16. b4 Ne7 17. f3 Ng6 18. Nxg6 Qxg6 19. fxg4 Nxg3 20. Qxg3 exd4 21. Nxd4
Qxe4 22. Rf4 Qe3+ 23. Kh1 Qxg3 24. hxg3 Re3 25. Raf1 Rxc3 26. Bxf7+ Kg7 27.
Ne6+ Bxe6 28. Bxe6 Rxf4 29. gxf4 b5 30. axb5 axb5 31. Bd7 Rc4 32. Bxb5 1/2-1/2

[Event "Cap d'Agde CCAS Trophee KO"]
[Site "Cap d'Agde"]
[Date "2010.10.31"]
[Round "3.2"]
[White "Nakamura, Hikaru"]
[Black "Ivanchuk, Vassily"]
[Result "1/2-1/2"]
[WhiteElo "2733"]
[BlackElo "2754"]
[PlyCount "38"]
[EventDate "2010.10.28"]
[EventType "k.o. (rapid)"]
[EventRounds "3"]
[EventCountry "FRA"]
[SourceTitle "EXT 2011"]
[Source "ChessBase"]
[SourceDate "2010.11.26"]
[SourceVersion "1"]
[SourceVersionDate "2010.11.26"]
[SourceQuality "1"]

1. e4 e5 2. f4 exf4 3. Nf3 g5 4. Bc4 Bg7 5. h4 h6 6. d4 d6 7. c3 Nc6 8. O-O g4
9. Ne1 Qxh4 10. Bxf4 Nf6 11. e5 dxe5 12. dxe5 g3 13. Bxg3 Qxg3 14. exf6 Bf8 15.
Nd3 Bd6 16. Qh5 Bg4 17. Bxf7+ Kf8 18. Qg6 Qh2+ 19. Kf2 Qg3+ 1/2-1/2

[Event "RUS-CHN Summit 8th Rapid"]
[Site "St Petersburg"]
[Date "2012.07.08"]
[Round "6"]
[White "Tomashevsky, Evgeny"]
[Black "Wang, Yue"]
[Result "1/2-1/2"]
[WhiteElo "2733"]
[BlackElo "2697"]
[PlyCount "95"]
[EventDate "2012.07.07"]
[EventType "team-schev"]
[EventRounds "10"]
[EventCountry "RUS"]
[SourceTitle "CBM 149 Extra"]
[Source "ChessBase"]
[SourceDate "2012.08.24"]
[SourceVersion "1"]
[SourceVersionDate "2012.08.24"]
[SourceQuality "1"]

1. d4 d5 2. c4 c6 3. Nf3 Nf6 4. e3 Bf5 5. Nc3 e6 6. Nh4 Be4 7. f3 Bg6 8. Qb3
Qc7 9. Bd2 Be7 10. g3 Nbd7 11. Rc1 Nb6 12. cxd5 exd5 13. Be2 a5 14. O-O a4 15.
Qd1 Qd7 16. Be1 a3 17. b3 Rd8 18. Bf2 Bb4 19. Bd3 O-O 20. Ne2 Rfe8 21. Nf4 Nc8
22. Nhxg6 hxg6 23. h4 Nd6 24. Qc2 Rc8 25. Kg2 c5 26. dxc5 Bxc5 27. Qd2 Nde4 28.
fxe4 dxe4 29. Rxc5 Rxc5 30. Qb4 Rec8 31. Be2 Rc2 32. Qxa3 Nd5 33. Nxd5 Qxd5 34.
Bc4 Qf5 35. Qb4 Rd8 36. Qxb7 Rxa2 37. Qc7 Qf3+ 38. Kg1 Rdd2 39. Qxf7+ Qxf7 40.
Bxf7+ Kxf7 41. Be1+ Ke6 42. Bxd2 Rxd2 43. Rf4 Ke5 44. Rg4 Kf5 45. Rg5+ Kf6 46.
Kf1 Rd3 47. Kf2 Rd2+ 48. Kf1 1/2-1/2